000 00818nam a22002537a 4500
005 20250725115719.0
008 250724b |||||||| |||| 00| 0 eng d
020 _a978-1-138-94630-9 (hbk)
037 _cHandbook
040 _aCL
_cCL
041 _2eng
_aeng
084 _aP:795:(Y:1)g Q8
_qHandbook
245 _aRoutledge handbook of translation and culture
260 _aLondon, UK:
_bRoutledge,
_c2018.
300 _axii, 643p.
365 _b175.00
_cUKP
650 _aCULTURE
650 _aLINGUISTICS
650 _aSOCIOLOGY
650 _aTRANSLATING AND INTERPRETING
700 _aHarding, Sue Ann
_eeditor.
_9816489
942 _2CC
_cREF
_hP:795:(Y:1)g Q8
_n0
999 _c1434266
_d1434266